Ke stolu! /

Salvato in:
Dettagli Bibliografici
Autori principali: Melková, Pavla (Autore, Redattore), Cikán, Miroslav (Autore), Gabal, Ivan (Autore), Hlaváček, Petr (Autore)
Natura: Libro
Lingua:ceco
Pubblicazione: Praha : Dokořán, 2019
Praha : Institut plánování a rozvoje hl. mesta Prahy,
Edizione:1. vydanie
Soggetti:
Tags: Aggiungi Tag
Nessun Tag, puoi essere il primo ad aggiungerne!!

MARC

LEADER 00000nam a22000003a 4500
001 0103592
003 SK-STU
005 20230721215700.6
007 ta
008 230720s ----xo-----e------000-0-----d
020 |a 978-80-7363-970-9 
040 |a STU  |b slo 
041 0 |a cze 
044 |a xr 
100 1 |a Melková, Pavla  |4 edt  |4 aut 
245 1 0 |a Ke stolu! /  |c ed. aut. Pavla Melková; aut. Miroslav Cikán, Ivan Gabal, Petr Hlaváček 
250 |a 1. vydanie 
260 |a Praha :  |b Dokořán, 
260 |a Praha :  |b Institut plánování a rozvoje hl. mesta Prahy,  |c 2019 
300 |a 183 s. 
650 0 7 |a Praha 
650 0 7 |a urbanizmus a územné plánovanie 
650 0 7 |a mestský verejný priestor 
650 0 7 |a interdisciplinárny prístup 
650 0 7 |a univerzálne navrhovanie 
650 0 7 |a oblasti prímestské 
650 0 7 |a predmestie 
650 0 7 |a pamiatka 
650 0 7 |a bývanie 
700 1 |a Cikán, Miroslav  |4 aut 
700 1 |a Gabal, Ivan  |4 aut 
700 1 |a Hlaváček, Petr  |4 aut 
996 |b 284AU09771  |c A* 13132/U  |l AAKNST  |s P  |a 0  |w 0103592_0001 
996 |b 284AU09772  |c A* 13133/U  |l AAKNAR  |s A  |a 24  |w 0103592_0002